00648nam a2200193 i 4500001000700000003000900007005001700016007000300033008004100036080001500077100004700092245004500139260003900184300002900223650003900252852002200291999001900313952012200332124094ES-MaACL20230906192323.0t|070214s1969 sp a |||| | glg d a372.465.151 aRamón e Fernández-Oxea, Xosé.99521310aCatón galego / cBen-Cho-Shey [seud.]. aLa Coruña : bDo Castro, c1969. a49 h. : bil. ; c23 cm. 4aLectura-vLibros escolares.914067 aES-MaACLjC-46787 c124094d124094 00104070aATENEOMbATENEOMcDEPO2d2008-01-17eSCl0oC-46787p1129282r2023-02-23 00:00:00w2023-02-23yMONOGRAFIA